| 000 | 01352cam a2200313 a 4500 | ||
|---|---|---|---|
| 999 |
_c4598 _d4598 |
||
| 001 | 14660802 | ||
| 003 | GZU | ||
| 005 | 20210317082022.0 | ||
| 008 | 061208s2008 mauab 001 0 eng | ||
| 010 | _a 2006939976 | ||
| 020 | _a9780073535425 | ||
| 040 |
_aDLC _cDLC _dDLC |
||
| 050 | 0 | 0 |
_aPC2129 _b.AMO 2006 |
| 100 | 1 | _aAmon, Evelyne. | |
| 245 | 1 | 0 |
_aVis-à-vis : _bbeginning French / _cEvelyne Amon, Judith A Muyskens, Alice C. Omaggio Hadley ; with contributions by Myriam Alami ... [et al.]. |
| 250 | _a4th ed. | ||
| 260 |
_aBoston, Mass. : _bMcGraw-Hill, _cc2008. |
||
| 300 |
_axxiv, 469, 41, 54, 18 p. : _bill. (some col.), col. maps ; _c28 cm. |
||
| 500 | _aIncludes indexes. | ||
| 650 | 0 |
_aFrench language _vTextbooks for foreign speakers _xEnglish. |
|
| 700 | 1 | _aMuyskens, Judith A. | |
| 700 | 1 |
_aHadley, Alice Omaggio, _d1947- |
|
| 856 | 4 | 2 |
_3Publisher description _uhttp://www.loc.gov/catdir/enhancements/fy0704/2006939976-d.html |
| 856 | 4 | 1 |
_3Table of contents only _uhttp://www.loc.gov/catdir/enhancements/fy0708/2006939976-t.html |
| 856 | 4 | 2 |
_3Contributor biographical information _uhttp://www.loc.gov/catdir/enhancements/fy0737/2006939976-b.html |
| 906 |
_a7 _bcbc _corignew _d2 _eepcn _f20 _gy-gencatlg |
||
| 942 |
_2lcc _cBK _h2129 _iAMO _kPC |
||